[Event "Challenge"]
[Site "http://www.queenalice.com/game.php?id=1143973"]
[Date "2013.1.23"]
[Round "-"]
[White "marlon2006"]
[Black "magrella"]
[Result "1-0"]
[WhiteElo "2079"]
[BlackElo "1912"]

1. e4 e5 2. Nf3 Nf6 3. Nc3 Bb4 4. a3 Bxc3 5. bxc3 O-O 6. Bc4 d5 7. exd5 Nxd5 8.
O-O Nc6 9. Re1 Re8 10. d3 h6 11. Bd2 a6 12. a4 Bg4 13. h3 Bh5 14. Qe2 Qd6 15.
Qe4 Nf6 16. Qh4 Bxf3 17. gxf3 Ne7 18. Qg3 Ng6 19. Rab1 Rab8 20. Qxg6 c6 21. Bxh6
Qf8 22. Kh2 Nd5 23. Qg5 Re6 24. Rg1 Rg6 25. Qxe5 Rd8 26. Rxg6 fxg6 27. Qxg7+
Qxg7 28. Bxg7 Kxg7 29. Rxb7+ Kh6 30. Ra7 Nxc3 31. Rxa6 Rf8 32. Kg2 Rf6 33. a5
Na4 34. Bb5 1-0

[Event "Challenge"]
[Site "http://www.queenalice.com/game.php?id=1178992"]
[Date "2013.5.6"]
[Round "-"]
[White "Rochak"]
[Black "marlon2006"]
[Result "1-0"]
[WhiteElo "1759"]
[BlackElo "2088"]

1. e4 c5 2. Nf3 Nc6 3. Nc3 a6 4. a4 d6 5. d4 cxd4 6. Nxd4 e5 7. Nxc6 bxc6 8. Bc4
Nh6 9. Bxh6 Qf6 10. Be3 Be7 11. O-O O-O 12. Qe2 h6 13. Rfd1 Bb7 14. b3 Qg6 15.
Rd2 Rad8 16. Rad1 c5 17. Nd5 Bh4 18. g3 a5 19. Kh1 Bc8 20. gxh4 Bh3 21. Ne7+ 1-0

[Event "Challenge"]
[Site "http://www.queenalice.com/game.php?id=1179001"]
[Date "2013.5.6"]
[Round "-"]
[White "marlon2006"]
[Black "Rochak"]
[Result "1-0"]
[WhiteElo "2088"]
[BlackElo "1874"]

1. e4 c5 2. Nf3 e6 3. Nc3 Nc6 4. d3 Bd6 5. Be2 Ne5 6. d4 Nxf3+ 7. Bxf3 cxd4 8.
Qxd4 Bb8 9. Qxg7 Qf6 10. Qxf6 Nxf6 11. O-O b6 12. e5 Bxe5 13. Bxa8 Rg8 14. h3
Ke7 15. Bf3 Ba6 16. Re1 Rg5 17. Bxg5 h6 18. Rxe5 hxg5 19. Rxg5 Nh7 20. Re5 d6
21. Re3 Ng5 22. Rd1 Bc4 23. b3 Ba6 24. Nd5+ Kf8 25. Nc7 Bc8 26. Rxd6 Ke7 27.
Red3 Nxf3+ 28. gxf3 Kf6 29. Nd5+ Ke5 30. Ne7 Kf6 31. Nxc8 a6 32. Nxb6 a5 33. f4
Kf5 34. Nd7 Kxf4 35. Kg2 a4 36. Ra6 axb3 37. Rd4+ Kg5 38. Ra5+ Kg6 39. Rg4+ Kh7
40. Rh5# 1-0

[Event "Challenge"]
[Site "http://www.queenalice.com/game.php?id=1180485"]
[Date "2013.5.11"]
[Round "-"]
[White "Rochak"]
[Black "marlon2006"]
[Result "0-1"]
[WhiteElo "1831"]
[BlackElo "2095"]

1. e4 c5 2. Nf3 Nc6 3. Nc3 a6 4. a4 Nf6 5. d4 cxd4 6. Nxd4 Nxd4 7. Qxd4 d6 8. e5
Nd7 9. exd6 e5 10. Qd1 Nf6 11. Bg5 Bxd6 12. Nd5 Be7 13. Bc4 Nxd5 14. Bxe7 Qa5+
15. c3 Nxe7 16. O-O O-O 17. Qd6 Nf5 18. Qd3 Qc7 19. Rfe1 Be6 20. Bxe6 fxe6 21.
Qe4 Qc5 22. Qxb7 Nh4 23. Re3 Rab8 24. Qxa6 Rxb2 25. Qxe6+ Kh8 26. Rf1 Ng6 27.
Qg4 Rfxf2 28. Rxf2 Rb1+ 0-1

[Event "Challenge"]
[Site "http://www.queenalice.com/game.php?id=1319881"]
[Date "2014.11.2"]
[Round "-"]
[White "jpribeiro"]
[Black "marlon2006"]
[Result "1-0"]
[WhiteElo "1898"]
[BlackElo "2112"]

1. e4 e5 2. Nf3 Nc6 3. Bb5 a6 4. Ba4 Nf6 5. O-O Nxe4 6. Re1 Nf6 7. Nxe5 Nxe5 8.
Rxe5+ Be7 9. Qe1 Ng4 10. d4 Nxe5 11. Qxe5 O-O 12. Qg3 g6 13. Bh6 Re8 14. Nc3 Bh4
15. Qf3 c6 16. g3 Bf6 17. Ne4 Re6 18. Nc5 Re8 19. Ne4 Bxd4 20. c3 Be5 21. Bg5
Re7 22. Bxe7 Qxe7 23. Bb3 d5 24. Nd2 Be6 25. Qe3 Rd8 26. Qxe5 b5 27. Nf3 f6 28.
Qe3 Kg7 29. Nd4 Rd6 30. Re1 Qd7 31. Nxe6+ Kg8 32. Nc5 Qc8 33. Qe8+ Qxe8 34.
Rxe8+ Kf7 35. Ra8 1-0

[Event "Challenge"]
[Site "http://www.queenalice.com/game.php?id=1319898"]
[Date "2014.11.2"]
[Round "-"]
[White "Edmorf"]
[Black "marlon2006"]
[Result "0-1"]
[WhiteElo "1857"]
[BlackElo "2107"]

1. d4 c5 2. d5 d6 3. e4 e5 4. Bc4 h6 5. c3 Nf6 6. Nd2 a6 7. a4 Nbd7 8. Ne2 Be7
9. O-O Nb6 10. b3 Nxc4 11. Nxc4 Nxe4 12. Qd3 Ng5 13. b4 e4 14. Qb1 b6 15. b5 O-O
16. Re1 Bf5 17. Ne3 Bg6 18. Nf4 Bh7 19. c4 Bf6 20. Ra2 Be5 21. Nh5 Bg6 22. Ng3
a5 23. Qb3 f5 24. Qd1 f4 25. Ne2 fxe3 26. Bxe3 Bh5 27. h4 Nf3+ 28. gxf3 Bxf3 29.
Qd2 Qxh4 30. Ng3 Qh2+ 31. Kf1 Qg2# 0-1

[Event "Challenge"]
[Site "http://www.queenalice.com/game.php?id=1321023"]
[Date "2014.11.8"]
[Round "-"]
[White "marlon2006"]
[Black "yak1403"]
[Result "1-0"]
[WhiteElo "2106"]
[BlackElo "1512"]

1. e4 e5 2. Nf3 d6 3. h3 b6 4. Nc3 a6 5. Bc4 h6 6. d3 Nf6 7. Be3 Nh5 8. Nd5 b5
9. Bb3 c6 10. Bb6 Qd7 11. Nc7+ Ke7 12. Nxa8 Qb7 13. Be3 Qxa8 14. Nh4 g6 15. d4
Bg7 16. Qf3 f6 17. Nxg6+ Ke8 18. Nxh8 Nf4 19. Nf7 Ke7 20. dxe5 fxe5 21. O-O-O d5
22. exd5 Kxf7 23. d6+ Ke8 24. Rhe1 1-0

[Event "Challenge"]
[Site "http://www.queenalice.com/game.php?id=1322090"]
[Date "2014.11.14"]
[Round "-"]
[White "yak1403"]
[Black "marlon2006"]
[Result "0-1"]
[WhiteElo "1510"]
[BlackElo "2094"]

1. d4 c5 2. c3 Nf6 3. e3 d6 4. g3 Nc6 5. h3 e5 6. d5 Ne7 7. c4 g6 8. g4 Bg7 9.
Nf3 a6 10. Nc3 O-O 11. Ng5 Bh6 12. Nge4 Nxe4 13. Nxe4 Bg7 14. Bg2 b5 15. b3 Qb6
16. O-O Bd7 17. Bb2 bxc4 18. Rb1 f5 19. Ng3 Qa5 20. a3 Rab8 21. bxc4 Ba4 22. Qe2
Bd7 23. g5 Rb3 24. Rfc1 Qb6 25. Qc2 Rb8 26. Nf1 e4 27. Bxg7 Rxb1 28. Rxb1 Qxb1
29. Qxb1 Rxb1 30. Bf6 Kf7 31. f3 Rc1 32. fxe4 Rxc4 33. Bxe7 Kxe7 34. exf5 Bxf5
35. Nd2 Rc3 36. e4 Bxh3 37. Bxh3 Rxh3 0-1

[Event "Challenge"]
[Site "http://www.queenalice.com/game.php?id=1327502"]
[Date "2014.12.11"]
[Round "-"]
[White "armin"]
[Black "marlon2006"]
[Result "1-0"]
[WhiteElo "1608"]
[BlackElo "2098"]

1. d4 c5 2. dxc5 e5 3. b4 Nc6 4. a3 Nf6 5. Nf3 Be7 6. c4 a6 7. b5 axb5 8. cxb5
Qa5+ 9. Bd2 Qxb5 10. Nc3 Qxc5 11. e4 O-O 12. Na4 Qa7 13. Nc3 Ng4 14. Qe2 b6 15.
Nb5 Qb7 16. h3 Nf6 17. Bc3 d6 18. Qd3 Rd8 19. Be2 Be6 20. Ng5 Qc8 21. O-O d5 22.
Nxe6 Qxe6 23. Nc7 1-0